| 000 | 00697nam a2200217 a 4500 | ||
|---|---|---|---|
| 999 |
_c3965 _d3965 |
||
| 001 | 3965 | ||
| 003 | BD-JhCC | ||
| 005 | 20171120094706.0 | ||
| 008 | 171120s1978 bg |||| |||| 000 0 mul d | ||
| 035 | _a(BD-JhCC) 3965 | ||
| 040 |
_aBD-JhCC _dBD-JhCC |
||
| 041 | _aben, Arabic | ||
| 082 |
_a891.4409 _bMAN 1978 |
||
| 100 | _aমনসুরউদ্দীন, মুহম্মদ | ||
| 245 |
_aইরানের কবি / _cমুহম্মদ মনসুরউদ্দীন |
||
| 260 |
_aঢাকা : _bবাংলা একাডেমী, _c১৯৭৮. |
||
| 300 |
_a৫৬০ পৃ. : _c২১ সেমি. |
||
| 650 | _apoets of Iran | ||
| 942 |
_2ddc _cBK |
||